Loading...
| Science - Physics | 0 | 4 | 0 | 2 | 40 | 87 | 98.75 | 0 | 0 |
| Current Events | 0 | 3 | 0 | 1 | 30 | 42 | 69.33 | 1 | 2 |
| Literature - British Literature | 0 | 3 | 0 | 1 | 30 | 104 | 105.33 | 0 | 1 |
| Science - Chemistry | 0 | 3 | 1 | 1 | 25 | 65 | 82.67 | 0 | 2 |
| History - American History | 0 | 3 | 1 | 0 | 25 | 51 | 60.00 | 1 | 2 |
| Literature - American Literature | 0 | 2 | 0 | 0 | 20 | 76 | 93.50 | 0 | 1 |
| Science - Other Science | 0 | 2 | 0 | 1 | 20 | 83 | 96.50 | 0 | 0 |
| Social Science | 0 | 1 | 0 | 0 | 10 | 83 | 83.00 | 0 | 0 |
| Fine Arts - Classical Music | 0 | 1 | 0 | 0 | 10 | 89 | 89.00 | 0 | 1 |
| Geography | 0 | 1 | 0 | 0 | 10 | 65 | 65.00 | 0 | 1 |
| Philosophy | 0 | 1 | 0 | 0 | 10 | 105 | 105.00 | 0 | 0 |
| Religion | 0 | 1 | 0 | 0 | 10 | 97 | 97.00 | 0 | 0 |
| Science - Biology | 0 | 1 | 0 | 1 | 10 | 93 | 93.00 | 0 | 0 |
| Literature - World Literature | 0 | 1 | 1 | 1 | 5 | 108 | 108.00 | 0 | 0 |
| Literature - European Literature | 0 | 1 | 1 | 0 | 5 | 71 | 71.00 | 0 | 1 |
| Painting/Sculpture | 0 | 0 | 1 | 0 | -5 | 0.00 | 0 | 0 |